000 00512nam a2200181Ia 4500
999 _c16487
_d16487
003 OSt
005 20200606115926.0
008 190216s9999||||xx |||||||||||||| ||und||
020 _a8190298224
040 _cMESKC library
082 _a305.5
_bKAR/D
100 _aKatrem, Jai Prakash
_9281
245 0 _aDharmatharan Aur Dalit /
_cJai Prakash Katrem
260 _bSooraj Prakashan,
_c2008.
_aDelhi:
300 _a128p
650 _aHindi
942 _cBK
_2ddc
_h305.5
_iKAR/D
_k305.5
_mKAR/D